00741 2200181 4500001002100000005001500021035002000036245017600056100002600232250002000258300005400278856002200332700008900354260006800443082001000511084001600521020002200537INLIS00000000114815720260401082714 a0010-04260000021 aPENGARUH HUTAN DAN PENGELOLAAN DAERAH ALIRAN SUNGAI /cPenulis; Ria Rosdiana Hutagaol, Desain Cover; Ali Hasan Zein,Tata Letak; Titis Yulianti, Proofreader; Titis Yulianti0 aRia Rosdiana Hutagaol aCetakan Pertama aviii, 63 hlm :bIlustrasi ;c15.5 x 23 cmeKertas aPerpustakaan Umum0 aDesain Cover; Ali Hasan Zein,Tata Letak; Titis Yulianti, Proofreader; Titis Yulianti aYogyakarta :bDEEPUBLISH (Grup Penerbitan CV BUDI UTAMA),c2019 a634.9 a634.9 RIA p a978-623-02-0233-9